| 000 | 01488cam a22003374a 4500 | ||
|---|---|---|---|
| 999 |
_c3694 _d3694 |
||
| 001 | 13785232 | ||
| 003 | Nust | ||
| 005 | 20180117090011.0 | ||
| 008 | 041117s2005 nyuab b 001 0 eng | ||
| 010 | _a 2004063638 | ||
| 020 | _a0195179609 (pbk.) | ||
| 040 |
_aDLC _cDLC _dDLC |
||
| 042 | _apcc | ||
| 050 | 0 | 0 |
_aHD82 _b.L3273 2005 |
| 082 | 0 | 0 |
_a338.9 _222 |
| 245 | 0 | 0 |
_aLeading issues in economic development / _c[edited by] Gerald M. Meier, James E. Rauch. |
| 250 | _a8th ed. | ||
| 260 |
_aNew York : _bOxford University Press, _c2005. |
||
| 300 |
_axvii, 650 p. : _bill., maps ; _c26 cm. |
||
| 504 | _aIncludes bibliographical references and index. | ||
| 650 | 0 |
_aEconomic development _vTextbooks. |
|
| 700 | 1 | _aMeier, Gerald M. | |
| 700 | 1 | _aRauch, James E. | |
| 856 | 4 | 2 |
_3Publisher description _uhttp://www.loc.gov/catdir/enhancements/fy0619/2004063638-d.html |
| 856 | 4 | 2 |
_3Contributor biographical information _uhttp://www.loc.gov/catdir/enhancements/fy0723/2004063638-b.html |
| 906 |
_a7 _bcbc _corignew _d1 _eocip _f20 _gy-gencatlg |
||
| 942 |
_2ddc _cBK |
||